Microbiology /

Bibliographic Details
Main Author: Kelly, Florene Cora, 1905-
Other Authors: Hite, Katherine Eileen, 1917-
Format: Book
Language:English
Published: New York : Appleton-Century-Crofts, [1955]
Edition:2d ed.
Subjects:

MARC

Tag First Indicator Second Indicator Subfields
LEADER 00000cam a2200000 4500
001 in00000300021
005 20151010154822.0
008 741210s1955 nyua b 00110 eng
010 |a  55008365  
035 |a (OCoLC)01106582 
035 |9 ABJ2967AM 
040 |c ITD  |d TXA  |d UtOrBLW 
049 |a TXAM [ALSO IN] [MED SCI] [589.95] [K29M2]  |c 1 [263588] 
050 0 0 |a QR46  |b .K4 1955 
082 0 |a 589.95 
100 1 |a Kelly, Florene Cora,  |d 1905- 
245 1 0 |a Microbiology /  |c by Florence C. Kelly and K. Eileen Hite. Foreword by G. M. Dack. 
250 |a 2d ed. 
264 1 |a New York :  |b Appleton-Century-Crofts,  |c [1955] 
300 |a 615 pages :  |b illustrations ;  |c 25 cm. 
336 |a text  |b txt  |2 rdacontent 
337 |a unmediated  |b n  |2 rdamedia 
338 |a volume  |b nc  |2 rdacarrier 
650 0 |a Microorganisms. 
650 0 |a Pathogenic microorganisms. 
700 1 |a Hite, Katherine Eileen,  |d 1917- 
999 |a MARS 
999 f f |s a695247f-5a3b-3200-961e-0acf3afadf80  |i 873af4dd-7a80-30b5-8ac7-1c22a71d5fc9  |t 0 
952 f f |p normal  |a Texas A&M University  |b College Station  |c Sterling C. Evans Library  |d Evans: Library Stacks  |t 0  |e QR46 .K4 1955  |h Library of Congress classification  |i unmediated -- volume  |m A14805035170 
998 f f |a QR46 .K4 1955  |t 0  |l Evans: Library Stacks